| 000 | 00504cam a2200181ua 4500 | ||
|---|---|---|---|
| 001 | 704 | ||
| 008 | 110412n ii |||gr||||Z||||||eng | ||
| 040 | _cMAIN | ||
| 082 | _a342.54 | ||
| 245 | 1 |
_aCitizens` guide to our constitution and government _cby R.K. Ramadhani |
|
| 250 | _a1st. | ||
| 260 |
_aDelhi: _bAtma Ram & sons,963. |
||
| 300 |
_a232p: _c20cm. |
||
| 653 | _apolitical science | ||
| 653 | _aCitizen` guide to our constitution and government | ||
| 700 |
_aRamadhani, R.K., _eAuthor. |
||
| 942 | _cBK | ||
| 999 |
_c631 _d631 |
||